000 01109cam a22003377a 4500
001 16419825
003 OSt
005 20110720124002.0
008 100817s1958 enk 000 0 eng d
010 _a 58014848
035 _a(OCoLC)ocm03785971
040 _aKKU
_cKKU
_dZCL
_dLVB
_dOCLCG
_dDLC
042 _alccopycat
043 _ae-uk---
050 0 0 _aKD7869
_b.K46 1958
082 _a345 KEN
100 1 _aKenny, Courtney Stanhope,
_d1996.
_9778
245 1 0 _aKenny's outlines of Criminal law /
_cJ.W. Cecil Turner.
250 _a19th ed.
260 _aCambridge :
_bUniversity Press,
_c1966.
300 _aIxxiv, 680 p. ;
_c25 cm.
500 _aIncludes index.
504 _aBibliography: p. [lxiv]
650 0 _aCriminal law
_zGreat Britain.
_9779
700 1 _aTurner, J. W. Cecil
_q(James William Cecil)
_9780
740 0 _aOutlines of criminal law.
906 _a0
_bcbu
_ccopycat
_d2
_encip
_f20
_gy-gencatlg
942 _2ddc
_cBK
999 _c263
_d263